| 000 | 00938nam a2200289Ia 4500 | ||
|---|---|---|---|
| 003 | GCL | ||
| 008 | 140319s9999 xx 000 0 ara d | ||
| 040 |
_aGCL / _cGCL |
||
| 082 | 0 | 4 |
_aق _b350.001962 _bب ب |
| 100 | 1 | _aبيرجر، مورو | |
| 245 | 1 | 0 |
_aالبيروقراطية والمجتمع فى مصر الحديثة / _cبيرجر، مورو |
| 700 | 1 | _aمحمد توفيق رمزى (مترجم) | |
| 260 |
_a[S.N] : _bمكتبة النهضة الشرق ، _c1959 |
||
| 300 | _a324 ص | ||
| 490 | _a | ||
| 650 | 0 | 4 | _aمصر |
| 650 | 0 | 4 | _aالاحوال الاجتماعية |
| 650 | 0 | 4 | _aالقانون الادارى |
| 650 | 0 | 4 | _aالموظفون |
| 650 | 0 | 4 | _aالادارة العامة |
| 650 | 0 | 4 | _aالبيروقراطية |
| 650 | 0 | 4 | _aالفساد الادارى |
| 650 | 0 | 4 | _aالمستخدمون |
| 650 | 0 | 4 | _aتحليل الوظائف |
| 650 | 0 | 4 | _aاتخاذ القرارات |
| 942 |
_2ddc _cBK |
||
| 999 |
_c28998 _d28998 |
||